000 00356nam a2200121Ia 4500
008 231129s2017||||xx |||||||||||||| ||spa||
020 _a978-958-30-5468-6
082 _a(i)863.08 M664p
245 0 _aLeer es mi cuento: Pombo cuentos y adivinanzas
260 _c2017
264 _aBogotá : Panamericana
942 _2ddc
_cBKS
999 _c19090
_d19090